[Event "Zlin Region-chT 2223"]
[Site "Czech Republic"]
[Date "2023.02.12"]
[Round "8.6"]
[White "Trcalek, Lukas"]
[Black "Havranek, Michal"]
[Result "0-1"]
[WhiteElo "1701"]
[BlackElo "2012"]
[PlyCount "80"]
[EventDate "2022.10.09"]
[EventType "team-tourn"]
[EventRounds "11"]
[EventCountry "CZE"]
[SourceTitle "EXT 2024"]
[Source "ChessBase"]
[SourceDate "2023.10.10"]
[SourceVersion "1"]
[SourceVersionDate "2023.10.10"]
[SourceQuality "1"]
[WhiteTeam "Usti Sokol"]
[BlackTeam "Borsice"]
[WhiteTeamCountry "CZE"]
[BlackTeamCountry "CZE"]

1. e4 c6 2. d4 d5 3. Nc3 dxe4 4. Nxe4 Bf5 5. Nc3 e6 6. Be3 Nf6 7. Bd3 Bxd3 8. Qxd3 Bd6 9. Nf3 Nbd7 10. 0-0 0-0 11. h3 Rc8 12. Ne2 Re8 13. c3 h6 14. b4 b6 15. a4 Nd5 16. Bd2 Qf6 17. Rfc1 e5 18. dxe5 Nxe5 19. Nxe5 Bxe5 20. Ra2 Rcd8 21. Qc2 Qh4 22. Re1 Qc4 23. Nd4 Rd6 24. Nf3 Rde6 25. Nxe5 Rxe5 26. Rxe5 Rxe5 27. b5 c5 28. Ra1 Nb4 29. Qd1 Nd3 30. Qg4 Re4 31. Qc8+ Kh7 32. Qb7 Re2 33. Be3 Qxc3 34. Rd1 Re1+ 35. Rxe1 Qxe1+ 36. Kh2 Nxf2 37. Bxf2 Qxf2 38. Qxa7 c4 39. a5 Qf4+ 40. Kh1 c3 0-1

[Event "Zlin Region-chT 2223"]
[Site "Czech Republic"]
[Date "2022.10.09"]
[Round "1.7"]
[White "Trcalek, Lukas"]
[Black "Dolezal, Karel"]
[Result "1/2-1/2"]
[WhiteElo "1701"]
[BlackElo "1887"]
[PlyCount "67"]
[EventDate "2022.10.09"]
[EventType "team-tourn"]
[EventRounds "11"]
[EventCountry "CZE"]
[SourceTitle "EXT 2024"]
[Source "ChessBase"]
[SourceDate "2023.10.10"]
[SourceVersion "1"]
[SourceVersionDate "2023.10.10"]
[SourceQuality "1"]
[WhiteTeam "Usti Sokol"]
[BlackTeam "Francova Lhota Sokol"]
[WhiteTeamCountry "CZE"]
[BlackTeamCountry "CZE"]

1. e4 Nf6 2. Nc3 d5 3. exd5 Nxd5 4. Nxd5 Qxd5 5. d3 g6 6. Nf3 Bg7 7. Be2 0-0 8. 0-0 c6 9. c3 Bg4 10. d4 Nd7 11. h3 Bxf3 12. Bxf3 Qd6 13. Re1 e6 14. Be3 Nb6 15. Qb3 Nd5 16. Bd2 Qc7 17. Rad1 Qb6 18. Bxd5 cxd5 19. Qxb6 axb6 20. a3 b5 21. Bf4 Rfc8 22. Bd6 Rc6 23. Bb4 h5 24. g3 Bh6 25. Kg2 Kg7 26. Re2 Bg5 27. f4 Bd8 28. Kf3 Bf6 29. Rh1 Rh8 30. Reh2 Bd8 31. g4 hxg4+ 32. hxg4 Rxh2 33. Rxh2 f6 34. Re2 1/2-1/2